| 000 | 00890pam a2200277 a 4500 | ||
|---|---|---|---|
| 001 | 1895840 | ||
| 003 | NUST-PNEC | ||
| 005 | 20170116180712.0 | ||
| 008 | 840514s1984 paua 001 0 eng | ||
| 010 | _a 84008529 | ||
| 020 |
_a0830606254 _c$19.95 |
||
| 020 | _a083061625X | ||
| 040 | _cPNEC | ||
| 050 | 0 | 0 |
_aTK7825 _b.C56 1984 |
| 082 | 0 | 0 |
_a621.381 CLI _219 |
| 100 | 1 |
_aClifford, Martin, _d1910- |
|
| 245 | 1 | 0 |
_aMaster handbook of electronic tables & formulas / _cby Martin Clifford. |
| 250 | _a4th ed. | ||
| 260 |
_aBlue Ridge Summit, Pa. : _bTab Books, _cc1984. |
||
| 300 |
_ax, 382 p. : _bill. ; _c22 cm. |
||
| 500 | _aIncludes index http://www.amazon.com/s/ref=nb_sb_noss?url=search-alias%3Dstripbooks&field-keywords=083061625X | ||
| 650 | 0 |
_aElectronics _xEL |
|
| 650 | 0 |
_aElectronics _xTables. |
|
| 906 |
_a7 _bcbc _corignew _d1 _eocip _f19 _gy-gencatlg |
||
| 942 |
_2ddc _cBK |
||
| 999 |
_c61023 _d61023 |
||